| 000 | 00927nam a22003017a 4500 | ||
|---|---|---|---|
| 999 |
_c200458911 _d77123 |
||
| 001 | 200458911 | ||
| 003 | TR-AnTOB | ||
| 005 | 20241119085814.0 | ||
| 007 | ta | ||
| 008 | 231130s2021 tu a|||j |||| 00| j tur d | ||
| 020 | _a9786050986341 | ||
| 040 |
_aTR-AnTOB _beng _erda _cTR-AnTOB |
||
| 041 | 0 | _atur | |
| 092 |
_a808.068 _bCANg 2021 |
||
| 100 | 1 |
_aCanbaba, Göktuğ. _eauthor |
|
| 245 | 1 |
_aGökyüzü boyacısı / _cGöktuğ Canbaba ; Resimleyen: Ceyhun Şen. |
|
| 250 | _a1. baskı | ||
| 264 | 1 |
_aİstanbul : _bDoğan Egmont, _c2021. |
|
| 300 |
_a38 pages : _billustrations ; _c24 cm. |
||
| 336 |
_atext _btxt _2rdacontent |
||
| 337 |
_aunmediated _bn _2rdamedia |
||
| 338 |
_avolume _bnc _2rdacarrier |
||
| 653 |
_aÇocuk edebiyatı _aÇocuk hikayeleri _aRenkler _aGökyüzü olayları _aHayal gücü |
||
| 700 | 1 |
_aŞen, Ceyhun _9139833 |
|
| 942 |
_2ddc _cBK |
||